| 000 | 02487nam0a2200421 4500 | ||
|---|---|---|---|
| 001 | RU\NLR\BIBL_A\022388703 | ||
| 005 | 20250721163827.0 | ||
| 010 |
_a978-5-00245-216-3 _91500 |
||
| 021 |
_aRU _bКН-П-24-062718 _9КН-П-24-6232 |
||
| 035 | _a(NLR Aleph) 022388703 | ||
| 090 |
_a13454607 _c13454607 |
||
| 100 | _a20241122d2024 k y0rusy50 ca | ||
| 101 | 0 | _arus | |
| 102 | _aRU | ||
| 105 | _aa|||z|||010yy | ||
| 181 | 0 |
_ai3 _baxxe |
|
| 182 | 0 | _an | |
| 200 | 1 |
_aНациональное образование в архитектуре многополярного мира: культурно-цивилизационная идентичность _eмонография _fР. Ш. Ахмадиева, Р. З. Богоудинова, С. Д. Бородина [и др.] _gпод ред. Р. З. Богоудиновой _gМинистерство культуры Российской Федерации, ФГБОУ ВО "Казанский государственный институт культуры" |
|
| 203 |
_aТекст _bвизуальный _cнепосредственный |
||
| 210 |
_aКазань _cШкола _d2024 |
||
| 215 |
_a453 с. _cцв. ил., табл. _d21 |
||
| 300 | _aНа 453-й с. авт.: Ахмадиева Р. Ш., чл.-кор. Акад. наук Респ. Татарстан, д-р пед. наук, проф., Богоудинова Р. З., д-р пед. наук, проф., Бородина С. Д., д-р пед. наук, доц., проф. | ||
| 300 | _aАвт. указаны на обороте тит. с. в макете | ||
| 300 | _aПосвящается 55-летию Казан. гос. ин-та культуры | ||
| 320 | _aБиблиогр.: с. 423-452 (278 назв.) | ||
| 606 | 1 |
_aВысшее образование _91647264 _3RU\NLR\AUTH\661027333 |
|
| 686 | 1 | _aЧ48 | |
| 701 | 1 |
_aАхмадиева _bР. Ш. _f1979- _gРоза Шайхайдаровна |
|
| 701 | 1 |
_aБогоудинова _bР. З. _gРоза Закировна |
|
| 701 | 1 |
_aБородина _bС. Д. _f1963- _gСветлана Дамировна |
|
| 702 | 1 |
_aБогоудинова _bР. З. _gРоза Закировна _4340 |
|
| 712 | 0 | 2 |
_4570 _aКазанский государственный институт культуры _9348523 _3RU\NLR\AUTH\8810231759 |
| 942 | _cBOOK | ||
| 980 | _aNB | ||
| 980 | _aNB | ||